000 00239nmm a2200085Ia 4500
008 220120s9999||||xx |||||||||||||||||und||
100 _aDigit
245 0 _aWindows to technical preview desktop enhancement pack, space
260 _aNine dot Nine
999 _c139935
_d139935